00520cam a22001337a 4500008004000000082001900040245009500059260005000154300001100204500003100215700003200246999001900278952008900297180718b1954 xxu||||| |||| 00| 0 eng d aQ48044x42 Un3e aReport of the Committee on the Economic and Financial Problems of the Provision of Old Age aLondonbHer Majesty's Stationery Officec1954 a119+p. aChairman : Thomas Phillips aPhillips, Thomas (chairman) c418530d418530 00104070aIIPAbIIPAd2009-11-26oQ48044x42 Un3ep1453r2018-07-21w2018-07-21yBK